=LDR 00000nam 2200000 4500 =001 NUTBA000000000002904 =005 20140708120256.0 =006 =007 =008 =020 ##$$a 9786028553018 =035 ##$$a 0010-071400000000092 =040 ##$$a NBPDMAT =082 ##$$a 639.412 =090 ##$$a 639.412 $b Pri d =100 ##$$a Prihatin Nurlatifah =245 ##$$a Dibalik indahnya mutiara / $c Prihatin Nurlatifah =250 ##$$a Cet.1 =260 ##$$a Bandung : $b Kenanga Pustaka Indonesia, $c 2009 =300 ##$$a vi, 50 hlm. : $b ilus. ; $c 23 cm. =650 ##$$a Mutiara =850 ##$$a NBPDMAT =990 ##$$a 21403282